| 000 | 00310nam a2200121Ia 4500 | ||
|---|---|---|---|
| 008 | 230907s9999||||xx |||||||||||||| ||und|| | ||
| 082 |
_a621.165 _bBLO |
||
| 100 |
_aBloch, Heinz P., _983585 |
||
| 245 | 0 | _aSteam turbines : | |
| 260 |
_aMcGraw-Hill, _bNew York : _c2009 |
||
| 300 | _axviii, 414 p. : | ||
| 942 | _cBK | ||
| 999 |
_c598533 _d598533 |
||